| 000 | 00996nam a22003017a 4500 | ||
|---|---|---|---|
| 003 | CHAP | ||
| 005 | 20220329134022.0 | ||
| 008 | 971013s1979 r 00010 d | ||
| 010 | _a14167 | ||
| 011 | _a15139 | ||
| 035 | _a19213 | ||
| 040 | _cCHAP | ||
| 090 | _aTesis | ||
| 100 | 0 | 0 |
_aGonzález López, José Antonio. _949111 |
| 245 | _aEstudio sobre ganado caprino en el ejido La Ascención, municipio de Aramberri, N.L. | ||
| 260 |
_aMonterrey, N.L., _c1979 |
||
| 300 |
_a14 h. _b: mapa |
||
| 502 | _aTesis (Ing. Agrónomo Zootecnista) -- Univ. Autónoma de Nuevo León. Fac. de Agronomía | ||
| 590 |
_aALEPH _b10 _c20130110 _lUCH01 _h1235 |
||
| 590 |
_aBATCH-UPD _b10 _c20130110 _lUCH01 _h1958 |
||
| 590 |
_aBATCH-UPD _b10 _c20130410 _lUCH01 _h1318 |
||
| 590 |
_aBATCH-UPD _b10 _c20130914 _lUCH01 _h1506 |
||
| 590 |
_aCONVERSION _b10 _c20130109 _lUCH01 _h1309 |
||
| 650 | 1 | 4 |
_aGanado cabrío _xNuevo León. _945029 |
| 901 | _aBK | ||
| 942 | _cTESIS | ||
| 949 |
_bBC _cTES _d-44565 _eTS1 _i19213 _si |
||
| 999 |
_c14167 _d14167 |
||